LEADER 01455nam a2200325 u 4500 001 000000063793 003 CaOOAMICUS 005 20150114135637.0 008 011107s1967 ne u000 u ita u 035 $a10909121 040 $aPUL(R)$bita 041 0 $aita$aeng$ager$afre 245 03$aLe origini dello gnosticismo :$bColloquio di Messina, 13-18 aprile 1966 /$ctesti e discussioni pubblicati a cura di Ugo Bianchi. 260 $aLeiden :$bE.J. Brill,$c1967. 300 $axxxii, 803 p.$c25 cm 490 1 $aStudies in the history of religions (Supplements to Numen) ;$v12 500 $aFront. agg. in inglese. 500 $aComprende indici. 650 4$aGnosticismo$xCongressi.$0(OLS)http://pul/subject/23828 700 1 $aBianchi, Ugo,$d1922-1995.$0(OLS)http://pul/name/245 711 2 $aColloquio di Messina$d(1966).$0(OLS)http://pul/name/43223 850 $aPUL 852 $aPUL$W1$xSL Religione 1$y3$m74 D 5$j82741$nBK-PRI$b $qStampati$B82741$CPULBib$Z2$F82741 $H $81 852 $aPUL$W1$xDP1 Fondo Capitani$y116$m3 C 75$j163141$qFondi$B162738$CPULBib$Z2$F162738 $HCap2054 $82 941 1 $a8 941 1 $a1 961 $aINV: 30652 961 $aNota ms. di possesso : Capitani 996 $6245$aLe origini dello gnosticismo :$bColloquio di Messina, 13-18 aprile 1966$9(OLS)http://pul/title/85041 996 $6260$aLeiden :$bE.J. Brill$9(OLS)http://pul/publisher/47925 LEADER 01252nam a2200289 u 4500 001 000000041507 003 CaOOAMICUS 005 20070226114225.0 008 990204s1995 it u000 u ita u 020 $a881319496X 035 $a10813203 040 $aPUL(R)$bita 100 1 $aFazzalari, Elio,$d1925-$0(OLS)http://pul/name/6740 245 10$aLezioni di diritto processuale civile.$n1,$pProcesso ordinario di cognizione /$cElio Fazzolari, con appendice di aggiornamento. 246 33$aProcesso ordinario di cognizione 260 $aPadova :$bCEDAM,$c1995. 300 $a326 p. ;$c25 cm 500 $aTesto dattiloscritto. 650 4$aDiritto processuale civile.$0(OLS)http://pul/subject/1785 850 $aPUL 852 $aPUL$W1$xSL Diritto e Scienze Sociali 1$y4$m177 F 58$j56233$nBK-PRI$b $qStampati$B56233$CPULBib$Z2$F56233 $H $81 941 1 $a8 961 $aINV: 78375 996 $6020$a881319496X$9(OLS)http://pul/number/51802 996 $6245$aLezioni di diritto processuale civile.$n1,$pProcesso ordinario di cognizione$9(OLS)http://pul/title/56054 996 $6246$aProcesso ordinario di cognizione$9(OLS)http://pul/title/56055 996 $6260$aPadova :$bCEDAM$9(OLS)http://pul/publisher/48126